An introduction to the theory of numbers

Αποθηκεύτηκε σε:
Λεπτομέρειες βιβλιογραφικής εγγραφής
Κύριος συγγραφέας: Edwards, Ronald R.
Μορφή: Βιβλίο
Γλώσσα:English
Δημοσίευση: Boston : Houghton Mifflin, c1968
Σειρά:Houghton Mifflin mathematics enrichment series
Θέματα:
Ετικέτες: Προσθήκη ετικέτας
Δεν υπάρχουν, Καταχωρήστε ετικέτα πρώτοι!

MARC

LEADER 00000cam a2200000 i 4500
001 1/9184
008 100712s1968 eng d
035 |l 10108537 
040 |a GR-MY-UA  |b gre  |e aacr 
041 0 |a eng 
082 0 |a 512.7  |2 (22) 
100 1 |a Edwards, Ronald R. 
245 1 3 |a An introduction to the theory of numbers /  |c Ronald R. Edwards ; editorial adviser Albert E. Meder 
260 |a Boston :   |b Houghton Mifflin,   |c c1968 
300 |a viii, 85 σ.;  |c 23 εκ. 
490 1 |a Houghton Mifflin mathematics enrichment series 
504 |a Βιβλιογραφία: σ. 85 
650 0 0 |a Number theory. 
830 0 |a Houghton Mifflin mathematics enrichment series 
852 |a INST  |b SAMOS  |c MAG  |e 20100712  |h 512.7 EDW  |p 005300031531  |q 005300031531  |t BK  |y 0 
901 |a BIBL3-2010-2 
909 |a Σ  |b 162655 
970 |a ΣΙΤΖΙΜΗ  |b ΓΙΑΣΕΜΗ  |z 2010/07/12